El ímpetu de la libertad : ¿una ética cínica para nuestra época? /

Detalles Bibliográficos
Autor principal: Lenis Castaño, John Fredy (Autor)
Formato: Electrónico eBook
Lenguaje:español
Publicado: Bogotá, Colombia : Editorial Aula de Humanidades, 2025.
Edición:Primera edición.
Colección:Colección Filosofía (Editorial Aula de Humanidades). Serie ¡Enseñar filosofía!
Materias:
Acceso en línea:Digitalia Hispánica

MARC

LEADER 00000nam a2200000Ii 4500
001 DIGAUHUM0062
003 NyNyDIG
006 m o d
007 cr |||||||||||
008 260205s2025 ck ob 001 0 spa d
035 |a (OCoLC)1573181941 
040 |a DGITA  |b eng  |e rda  |e pn  |c DGITA 
020 |a 9786287777378  |q (versión digital) 
020 |z 9786287777361  |q (versión impresa) 
050 1 4 |a B809.5 ebook 
100 1 |a Lenis Castaño, John Fredy,  |e author. 
245 1 3 |a El ímpetu de la libertad :  |b ¿una ética cínica para nuestra época? /  |c John Fredy Lenis Castaño. 
250 |a Primera edición. 
264 1 |a Bogotá, Colombia :  |b Editorial Aula de Humanidades,  |c 2025. 
300 |a 1 online resource. 
336 |a text  |b txt  |2 rdacontent 
337 |a computer  |b c  |2 rdamedia 
338 |a online resource  |b cr  |2 rdacarrier 
347 |a text file  |2 rdaft 
347 |b PDF 
490 1 |a Colección: Filosofía. Serie: ¡Enseñar Filosofía! 
504 |a Includes bibliographical references and index. 
588 0 |a Online resource; title from PDF title page (Digitalia, viewed February 5, 2026) 
650 0 |a Cynicism. 
650 0 |a Materialism. 
650 0 |a Existentialism. 
791 2 |a Digitalia (Firm),  |e distributor. 
793 0 |g Digitalia eBook Collection:  |a Editorial Aula de Humanidades 
776 0 8 |i Print version:  |a Lenis Castaño, John Fredy.  |t Ímpetu de la libertad.  |b Primera edición.  |d Bogotá, Colombia : Editorial Aula de Humanidades, 2025  |z 9786287777361 
830 0 |a Colección Filosofía (Editorial Aula de Humanidades).  |p Serie ¡Enseñar filosofía! 
856 4 0 |3 Digitalia Hispánica  |u https://www.digitaliapublishing.com/a/175608/ 
910 |a Premium collection: 2026